The splendour of Africa

Saved in:
书目详细资料
主要作者: Steffen D.C
格式: 图书
出版: New York : Walker and company, c1965.
主题:
标签: 添加标签
没有标签, 成为第一个标记此记录!

MARC

LEADER 00000nam a2200000 4500
020 |a NA  |c NA 
040 |a MUL  |b eng.  |e AACR 
082 |a 960 STE 
100 |a Steffen D.C. 
245 |a The splendour of Africa  |c / D.C Steffen 
260 |a New York :  |b Walker and company,   |c c1965. 
300 |a 173 p. :  |b some col. illl. ;  |c 26 cm. 
546 |a eng. 
650 |a Features of Africa 
942 |c BK 
999 |c 6314  |d 6314